书目信息 |
| 题名: |
养殖规模对我国生猪业碳排放的影响研究
|
|
| 作者: | 胡中应 著 | |
| 分册: | ||
| 出版信息: | 合肥 合肥工业大学出版社 2017.12 |
|
| 页数: | 160页 | |
| 开本: | 24cm | |
| 丛书名: | ||
| 单 册: | ||
| 中图分类: | S828 | |
| 科图分类: | ||
| 主题词: | 养殖业--规模饲养--影响--养猪学--二氧化碳--排气--研究 | |
| 电子资源: | ||
| ISBN: | 978-7-5650-3751-1 | |
| 000 | 01007nam0 2200229 450 | |
| 001 | 4933 | |
| 005 | 20181013154822.98 | |
| 010 | @a978-7-5650-3751-1@dCNY26.00 | |
| 100 | @a20180412d2017 em y0chiy50 ea | |
| 101 | 0 | @achi |
| 102 | @aCN@b340000 | |
| 105 | @aak az 000yy | |
| 200 | 1 | @a养殖规模对我国生猪业碳排放的影响研究@9yang zhi gui mo dui wo guo sheng zhu ye tan pai fang de ying xiang yan jiu@f胡中应著 |
| 210 | @a合肥@c合肥工业大学出版社@d2017.12 | |
| 215 | @a160页@c图@d24cm | |
| 320 | @a有书目(第148-158页) | |
| 330 | @a政府间气候变化专门委员会第5次评估报告(IPCC,2013)指出,全球气候系统变暖毋庸置疑。三种贡献率最高的温室气体种类中,有两类(CH4和N2O)来源于农业域。畜牧业生产过程中产生了大量的温室气体。我国生猪业温室气体排放贡献率居所有畜禽品种之首。因此,生猪业碳减排是实现畜牧业乃至农业减排的当务之急。 | |
| 606 | 0 | @a养殖业@x规模饲养@x影响@x养猪学@x二氧化碳@x排气@x研究 |
| 690 | @aS828@v5 | |
| 701 | 0 | @a胡中应@9hu zhong ying@4著 |
| 801 | 0 | @aCN@b91MARC@c20180412 |
| 905 | @aMuseLib@dS828@e176 | |
| 养殖规模对我国生猪业碳排放的影响研究/胡中应著.-合肥:合肥工业大学出版社,2017.12 |
| 160页:图;24cm |
| ISBN 978-7-5650-3751-1:CNY26.00 |
| 政府间气候变化专门委员会第5次评估报告(IPCC,2013)指出,全球气候系统变暖毋庸置疑。三种贡献率最高的温室气体种类中,有两类(CH4和N2O)来源于农业域。畜牧业生产过程中产生了大量的温室气体。我国生猪业温室气体排放贡献率居所有畜禽品种之首。因此,生猪业碳减排是实现畜牧业乃至农业减排的当务之急。 |
| ● |
| 相关链接 |
|
|
|
|
正题名:养殖规模对我国生猪业碳排放的影响研究
索取号:S828/176
 
预约/预借
| 序号 | 登录号 | 条形码 | 馆藏地/架位号 | 状态 | 备注 |
| 1 | 1127319 | 211273192 | 第二样本阅览室/ [索取号:S828/176] | 在馆 | |
| 2 | 1127320 | 211273209 | 密集书库-生命科学系/ [索取号:S828/176] | 在馆 | |
| 3 | 1127321 | 211273218 | 第三借阅区/ [索取号:S828/176] | 在馆 | |
| 4 | 1127322 | 211273227 | 第三借阅区/ [索取号:S828/176] | 在馆 | |
| 5 | 1127323 | 211273236 | 第三借阅区/ [索取号:S828/176] | 在馆 |